| 000 | 00341nam a2200133Ia 4500 | ||
|---|---|---|---|
| 008 | 240624s9999 xx 000 0 und d | ||
| 041 | _aeng | ||
| 082 | _a658.8342 DER | ||
| 100 | _aDEVRAL DIANA | ||
| 245 | _aRIGHT SENSORY MIX TARGETING CONSUMER PRO | ||
| 260 |
_c2010 _aAmsterdam _bSpringer |
||
| 300 | _axiv, : 146 : p. | ||
| 365 |
_cERU _b28 |
||
| 999 |
_c20408 _d20408 |
||